00564 2200205 4500001001900000005001500019035002200034008004100056040001200097041000800109100002800117245007200145250001100217260003700228300001200265020001800277990002100295990002100316990002100337BDGKW040220150001520250219084748 a0010-040215001560250219 | | ind  aJBPDBAN aIND0 aACHMAD Juntika Nurihsan1 aStrategi Layanan Bimbingan dan Konseling /cAchmad Juntika Nurihsan aCet. 4 aBandung :bRefika Aditama,c2012 a100 hlm a978-3304-41-3 a16/019822/LJ/KLL a16/019823/LJ/KLL a16/019824/LJ/KLL